Píseň /

Hlavní autor: Raus, Daniel, 1957-
Jazyk: Čeština
Vydáno: Bratislava : SEN, c2000
Témata:
Fyzický popis: 176 s. ; 19 cm
Knihy
Uloženo v:
LEADER 00732nam a2200241 a 4500
001 000605861
003 CZ BrMZK
005 20120515075911.0
007 ta
008 020612s2000 xo g p cze d
020 |a 80-968354-3-2 
040 |a BOA001  |b cze 
072 7 |a 821.162.3-1  |x Česká poezie  |2 Konspekt  |9 25 
080 |a 821.162.3-1  |2 MRF 
080 |a (0:82-1)  |2 MRF 
100 1 |a Raus, Daniel,  |d 1957-  |7 jn20010523003  |4 aut 
245 1 0 |a Píseň /  |c Daniel Raus 
260 |a Bratislava :  |b SEN,  |c c2000 
300 |a 176 s. ;  |c 19 cm 
655 7 |a česká poezie  |7 fd133958  |2 czenas 
910 |a BOA001  |b 1-1104.187 
990 |a BK 
996 6 |b 2610162745  |c 1-1104.187  |l MZK  |r Sklad / do 1 hodiny  |n 0  |p p.v.  |w 000605861  |u 000010  |a 1  |e BOA001  |j MZK50  |s P